Serie A-B-C 2021-22 - Statistics

Statistiche generali
  • Questo quiz è stato fatto 430 volte
  • Il punteggio medio è 64 su 100
Statistiche sulle risposte
% Corretto
Milan
99%
Inter
98%
Juventus
98%
Atalanta
96%
Cagliari
96%
Fiorentina
96%
Genoa
96%
Lazio
96%
Bologna
95%
Roma
95%
Hellas Verona
94%
Napoli
94%
Sampdoria
94%
Venezia
94%
Salernitana
93%
Udinese
93%
Empoli
92%
Sassuolo
91%
Torino
91%
Bari
90%
Cremonese
88%
Monza
88%
Palermo
88%
Spezia
88%
Lecce
87%
Benevento
85%
Brescia
82%
Pisa
82%
Frosinone
80%
Catania
79%
Parma
79%
Ascoli
78%
Como
78%
Cosenza
78%
Crotone
78%
Vicenza
78%
Perugia
77%
Pordenone
77%
Modena
76%
Reggina
76%
Spal
76%
Pescara
75%
Alessandria
74%
Avellino
74%
Foggia
74%
Padova
74%
Catanzaro
72%
Ternana
72%
Reggiana
71%
Sudtirol
71%
Cesena
65%
Triestina
65%
Ancona
64%
Messina
64%
Piacenza
64%
Lecco
63%
Virtus Verona
63%
Pro Vercelli
61%
Cittadella
59%
Potenza
59%
Siena
59%
Mantova
58%
Latina
57%
Taranto
56%
Virtus Entella
55%
Trento
54%
Lucchese
53%
Olbia
51%
Juve Stabia
50%
Albinoleffe
48%
Pro Patria
47%
Grosseto
47%
Carrarese
46%
Pistoiese
46%
Teramo
45%
Viterbese
45%
Campobasso
44%
Feralpisalò
44%
Vis Pesaro
41%
Fidelis Andria
40%
Gubbio
40%
Fermana
36%
Juventus U23
36%
Monopoli
36%
Pro Sesto
36%
Imolese
35%
Turris
35%
Renate
32%
Pergolettese
30%
Vibonese
29%
Virtus Francavilla
29%
Giana Erminio
28%
Pontedera
28%
Az Picerno
24%
Fiorenzuola
24%
Paganese
24%
Montevarchi
21%
Seregno
21%
Legnago
20%
Monterosi
20%
Nessun quiz corrispondente trovato
Distribuzione punteggi
Percentuale di utenti per punteggio
Percentile per numero di risposta
I tuoi punteggi nel tempo
Non hai fatto questo quiz